00743nam a2200145 a 450000100100000000500170001000800410002704000250006808200150009324502780010826000610038630000200044795201130046799900170058000003464020200930073819.0111011s1959 dr r 000 0 spa d aDO-SdBNPbspacBNPHU axxxxbM548 0aMensaje que los profesionales universitarios dominicanos dirigen a su excelencia el generalisimo doctor Rafael L. Trujillo Molina, benefactor de la patria y padre de la patria nueva, en ocasión del homenaje nacional que dicha clase rinde al líder del pueblo dominicano. aCiudad Trujillo, República Dominicana :b[s.n],c1959. a57 p. ;c24 cm. 001050718RVaPDbPDcCTd2011-10-11iLF1l0oxxxx M548p34640-10r2020-06-25w2020-06-25y1ZNo se presta c34131d34131